[Event "27th CRO-chT 1B-Men 2018"]
[Site "Biograd"]
[Date "2018.09.20"]
[Round "6.30"]
[White "Bubalovic, Davorin"]
[Black "Viskic, Pavisa"]
[Result "1-0"]
[WhiteElo "2206"]
[BlackElo "2176"]
[Annotator "TA"]
[PlyCount "87"]
[EventDate "2018.09.15"]
[EventType "team-tourn"]
[EventCountry "CRO"]
[SourceTitle "playchess.com"]
[Source "ChessBase"]
[SourceQuality "1"]

{[%evp 9,87,12,59,23,59,45,39,51,48,42,49,8,23,-12,77,79,221,192,236,245,239,239,508,522,507,191,189,170,248,218,210,220,220,238,309,287,292,236,221,184,218,145,189,182,275,265,304,292,346,261,370,370,358,261,413,402,406,327,558,562,550,409,399,381,513,520,527,527,604,582,600,585,592,580,558,548,578,578,578,565]} 1. e4 g6 2. d4 Bg7 3. Nc3 d6 4. Bf4 Nd7 5. Nf3 c5 (5... c6 6. Bc4 Nb6 7. Bb3 Nf6 8. h3 O-O 9. a4 a5 10. O-O Be6 11. d5 cxd5 12. exd5 {½-½ (47) Khotenashvili,B (2469)-Melia,S (2391) Telavi 2018}) 6. dxc5 {B06: Modern Defence} Nxc5 7. e5 Ne6 8. Bg3 {[%cal Re5d6] White is slightly better.} Qa5 9. Bb5+ Kf8 10. O-O $146 {White wants to play Qe2.} ({Predecessor:} 10. Qe2 a6 11. Bd3 dxe5 12. Nxe5 Nf6 {0-1 (51) Westermeier,A-Feustel,B Menden 1974}) 10... dxe5 11. Nxe5 {Re1 is the strong threat.} Bxe5 (11... a6 $1 $11 {remains equal.} 12. Nc4 Qb4) 12. Bxe5 $16 Nf6 (12... f6 $16 {was necessary.}) 13. Qe2 Ng7 14. Rfe1 {[#] Hoping for Bxf6.} Bg4 15. Qe3 {aiming for Bxf6.} Kg8 $2 (15... Be6 16. Qf3 a6) 16. Bxf6 $18 exf6 17. Qd4 $2 (17. Nd5 Nf5 18. Nxf6+ Kg7 19. Qe5) 17... Be6 18. Qxf6 Qd8 (18... a6 $142) 19. Qe5 Qb8 20. Qc5 Qc8 21. Qb4 $40 {[%mdl 128] White wants a kill.} h5 22. Ne4 {[%cal Re4f6]} Nf5 23. Bd3 a5 24. Qb5 {Strongly threatening Nf6+.} Qc7 25. Nc5 Nd4 26. Nxe6 Nxe6 {[#]} (26... Nxb5 {was called for.} 27. Nxc7 Nxc7) 27. Bxg6 $1 {[%mdl 512]} Ra6 (27... fxg6 28. Rxe6) 28. Bd3 h4 29. Qe5 Rd6 (29... Qxe5 {might work better.} 30. Rxe5 Ra8) 30. Re4 {And now Rg4+ would win.} Rh6 31. h3 Qc6 (31... Qc5 {keeps fighting.} 32. Rg4+ Kf8) 32. Qxa5 Rg6 33. Qb5 Qc8 $2 (33... Qxb5 {was worth a try.} 34. Bxb5 Kg7) 34. Rc4 Rc6 35. Bxg6 Rxc4 36. Bf5 Rc5 37. Bxe6 {White is clearly winning.} fxe6 {[%mdl 4096] Endgame KQR-KQR} 38. Qd3 Rxc2 {Black hopes to continue with ...Rc1+.} 39. Qg6+ Kf8 {intending ...Rc1+.} 40. Qf6+ Ke8 41. Qh8+ Kf7 42. Qh7+ Kf8 43. Rd1 Qc7 44. Qxh4 {Precision: White = 55%, Black = 37%.} 1-0

[Event "27th CRO-chT 1B-Men 2018"]
[Site "Biograd"]
[Date "2018.09.23"]
[Round "7.1"]
[White "Brkic, Ante"]
[Black "Sedlak, Nikola"]
[Result "1/2-1/2"]
[WhiteElo "2565"]
[BlackElo "2587"]
[Annotator "TA"]
[PlyCount "36"]
[EventDate "2018.09.15"]
[EventType "team-tourn"]
[EventCountry "CRO"]
[SourceTitle "playchess.com"]
[Source "ChessBase"]
[SourceQuality "1"]

{[%evp 23,24,0,14]} 1. e4 e5 2. Nf3 Nc6 3. Nc3 Nf6 4. d4 exd4 5. Nxd4 Bb4 6. Nxc6 bxc6 7. Bd3 d5 8. exd5 cxd5 9. O-O O-O 10. h3 {C47: Scotch Four Knights and Four Knights with 4 g3} c6 11. Qf3 Bd6 12. Bf4 Rb8 {LiveBook: 134 Games} {Predecessor:} 13. b3 $146 Rb4 14. Bxd6 Qxd6 15. Rfe1 Be6 16. Rad1 c5 17. Bc4 d4 18. Bxe6 fxe6 {½-½ (34) Morozevich,A (2665)-Nakamura,H (2787) Moscow 2018} 1/2-1/2

[Event "27th CRO-chT 1B-Men 2018"]
[Site "Biograd"]
[Date "2018.09.23"]
[Round "7.2"]
[White "Nemeth, Miklos"]
[Black "Kadric, Denis"]
[Result "0-1"]
[WhiteElo "2477"]
[BlackElo "2543"]
[Annotator "TA"]
[PlyCount "88"]
[EventDate "2018.09.15"]
[EventType "team-tourn"]
[EventCountry "CRO"]
[SourceTitle "playchess.com"]
[Source "ChessBase"]
[SourceQuality "1"]

{[%evp 21,88,-15,-1,-41,-35,-26,-40,-76,-68,-74,-15,-14,17,0,29,8,0,-21,12,-8,-8,-29,0,0,0,-58,0,0,0,0,0,0,0,-27,-37,-69,-66,-67,-11,-13,0,-9,-13,-133,-131,-129,-112,-111,-116,-118,-100,-218,-208,-228,-114,-254,-252,-227,-99,-153,-120,-352,-339,-339,-347,-354,-354,-339,-334]} 1. e4 Nc6 2. Nf3 d6 3. d4 Nf6 4. Nc3 g6 5. Be2 Bg7 6. O-O O-O 7. h3 e5 8. dxe5 dxe5 9. Be3 Qe7 {B08: Pirc Defence: Classical System} (9... Be6 10. Bb5 Nd7 11. Qe2 Nd4 12. Qd1 Nxb5 13. Nxb5 Bc4 14. Nc3 Bxf1 15. Qxf1 c6 16. Qe2 Qc7 17. Nd2 {0-1 (40) Hou,Y (2658)-Nakamura,H (2777) chess.com INT 2018}) 10. Nd5 Nxd5 11. exd5 Nd4 {LiveBook: 3 Games. The position is equal.} 12. Bc4 $146 {[%cal Rf3d4]} ({Predecessor:} 12. Nxd4 exd4 13. Bf4 Qe4 14. Bxc7 Qxd5 15. c3 Qc6 16. Ba5 dxc3 17. Bxc3 Bxc3 {½-½ (26) Vibbert,S (2316)-Burnett,R (2358) Saint Louis 2014}) 12... Nxf3+ 13. Qxf3 e4 14. Qe2 Bxb2 15. Rab1 Bg7 (15... Be5 $17) 16. Bf4 $11 Kh8 17. Qe3 Re8 18. Rfe1 f5 19. f3 Be5 20. Bg5 Bf6 21. h4 Bxg5 22. hxg5 Qe5 23. Rb4 (23. Bb5 $11 Re7 24. Bd3) 23... a5 (23... Re7 $15) 24. Rbb1 b6 25. Bb5 Re7 26. Bc6 Rb8 $36 {[%mdl 2048] Black has the initiative.} 27. Rbd1 Bd7 28. Bxd7 Rxd7 29. fxe4 Re8 (29... Re7 $1 $15) 30. Qh3 Ree7 31. exf5 Qxf5 32. Qh6 (32. Qc3+ $11 {keeps the balance.} Kg8 33. Rxe7 Rxe7 34. d6 cxd6 35. Rxd6) 32... Rxd5 $17 33. Rf1 Rxd1 34. Rxd1 {[%mdl 4096] Endgame KQR-KQR} Re8 35. Qh4 c5 36. Rf1 (36. a4 $17) 36... Qxc2 $19 37. Qf4 {[#] Threatening mate with Qf6+.} Qc3 ({Black should try} 37... Qb2 $19 {White must now prevent ...b5.} 38. Qd6 Qd4+ 39. Qxd4+ cxd4) 38. Qc7 (38. Rb1 $17 {is the only way for White.}) 38... Qd4+ 39. Kh1 c4 (39... Qd8 $19 40. Qg3 Qb8) 40. Qc6 (40. Qf7 $142 Qe5 41. Qxc4) 40... Rd8 41. Rc1 $2 (41. Qe6 $17 {was worth a try.}) 41... Qh4+ 42. Kg1 {[#] Qf6+ would kill now.} Qxg5 43. Qxc4 {intending Qc3+.} Qe3+ 44. Kh2 Rd4 {Precision: White = 22%, Black = 40%.} 0-1

[Event "27th CRO-chT 1B-Men 2018"]
[Site "Biograd"]
[Date "2018.09.23"]
[Round "7.3"]
[White "Maier, Christian"]
[Black "Krstic, Uros"]
[Result "1/2-1/2"]
[WhiteElo "2357"]
[BlackElo "2364"]
[Annotator "TA"]
[PlyCount "39"]
[EventDate "2018.09.15"]
[EventType "team-tourn"]
[EventCountry "CRO"]
[SourceTitle "playchess.com"]
[Source "ChessBase"]
[SourceQuality "1"]

{[%evp 20,39,104,101,137,101,102,120,90,51,53,54,48,44,64,70,72,92,85,85,95,86]} 1. e4 c6 2. d4 d5 3. Nc3 dxe4 4. Nxe4 Nf6 5. Nxf6+ gxf6 6. c3 Bf5 7. Nf3 e6 8. g3 Nd7 9. Bg2 Bd6 10. O-O Qc7 11. Re1 O-O-O {B16: Caro-Kann: Bronstein-Larsen Variation} 12. a4 $146 {[%cal Ba2a4,Ba4a5][%mdl 32]} ({Predecessor:} 12. b4 h5 13. Nh4 Rdg8 14. a4 Bg4 15. Qd3 f5 16. b5 c5 17. a5 c4 18. Qc2 f4 19. b6 axb6 20. a6 bxa6 21. Rxa6 fxg3 22. hxg3 e5 23. Qa4 exd4 24. Ra7 {1-0 (24) Farfan Ortiz,E (2246)-Riffo Paz,E (2238) Fuerzas del Sur 2012}) 12... Bg4 13. a5 a6 14. c4 {[%cal Bc3c4,Bc4d5][%mdl 32]} Bb4 15. Bd2 Bxd2 16. Qxd2 Ne5 17. Nxe5 fxe5 {[#]} 18. d5 $1 {White is better.} ({Reject} 18. Re4 $6 Bf5 $11) 18... exd5 19. cxd5 {Hoping for Qb4.} Be6 {[%cal Re6d5] [#]} 20. Qc3 $1 1/2-1/2

[Event "27th CRO-chT 1B-Men 2018"]
[Site "Biograd"]
[Date "2018.09.21"]
[Round "7.4"]
[White "Vernacki, Srdjan"]
[Black "Stocko, Josip"]
[Result "1-0"]
[WhiteElo "2357"]
[BlackElo "2322"]
[Annotator "TA"]
[PlyCount "125"]
[EventDate "2018.09.15"]
[EventType "team-tourn"]
[EventCountry "CRO"]
[SourceTitle "playchess.com"]
[Source "ChessBase"]
[SourceQuality "1"]

{[%evp 12,125,22,5,16,22,8,0,0,0,33,12,31,27,28,19,74,82,67,59,66,56,71,60,75,7,39,0,0,0,37,0,23,19,25,33,74,78,69,51,82,14,58,51,64,29,15,26,18,-82,365,346,333,0,32,31,45,30,37,13,23,14,17,4,23,11,20,16,16,0,0,-15,0,0,0,0,19,0,14,0,33,-71,-59,-97,-8,0,0,-60,-69,-72,-32,-95,14,0,488,479,581,602,585,582,870,0,0,0,0,0,0,0,29993,29994,29995,29996,29996,29997,29997,29998]} 1. e4 c5 2. Nf3 d6 3. g3 Nf6 4. d3 {[%cal Bd2d3,Bd3d4,Bd4e5][%mdl 32]} e6 5. Bg2 Be7 6. O-O {B40: Sicilian: 2...e6, Unusual lines} O-O (6... Nbd7 7. c3 Qc7 8. Re1 b6 9. d4 cxd4 10. cxd4 O-O 11. Nc3 Bb7 12. d5 e5 13. Nh4 g6 {1-0 (41) Chuprov,D (2577)-Bernasek,J (2491) Pardubice 2008}) 7. c3 {LiveBook: 6 Games} Qc7 8. Re1 {The position is equal.} b6 $146 ({Predecessor:} 8... e5 9. Nbd2 a6 10. d4 b5 11. a4 Bb7 12. axb5 axb5 13. Rxa8 Bxa8 {1-0 (49) Juhasz,B (2190)-Jamalia,N (2005) Hungary 2017}) 9. d4 Bb7 10. e5 Nfd7 11. Bf4 Nc6 12. Na3 $36 {[%mdl 2048] White has the initiative.} dxe5 13. Nb5 Qb8 (13... Qc8 $11 {remains equal.} 14. dxe5 Rd8) 14. dxe5 $16 Rd8 15. Qe2 Nf8 16. Bg5 h6 17. Bxe7 Nxe7 18. h4 (18. Nd6 $16) 18... Bc6 19. a4 a6 20. Nd6 Ra7 21. h5 Qa8 22. Nh4 Bxg2 23. Nxg2 Nc8 24. Ne4 Qc6 25. Nh4 Ne7 26. Qf3 (26. f4 $16) 26... Nh7 27. Qg4 Kh8 28. Rad1 Rad7 29. Nd6 Kg8 $1 30. Ng6 (30. Ra1 $11 {keeps the balance.}) 30... Ng5 $2 {[%mdl 8192]} (30... Nc8 $17) 31. Nxe7+ $1 $18 Rxe7 {[#]} 32. Re3 $2 (32. Nf5 $1 $18 {[%cal Rf5e7]} exf5 33. Rxd8+ Re8 34. Rxe8+ Qxe8 35. Qxf5) 32... Red7 (32... f5 $5 {[%cal Rf5g4]} 33. Qe2 Qxa4 $11) 33. f4 Nh7 34. b3 c4 35. bxc4 Qxa4 36. Red3 {[%cal Be3d3,Bd3d4,Bd4c4][%mdl 32]} Qc6 37. Rd4 b5 38. Qe2 bxc4 39. Rxc4 Qb6+ 40. Qf2 Qb3 41. Qd4 Nf6 42. Rb4 Qc2 43. Qd3 Qa2 44. Qb1 ({But not} 44. exf6 Rxd6 45. Qxd6 Rxd6 $17) 44... Qxb1 45. Rdxb1 Nxh5 46. c4 (46. Kg2 $14 {keeps the upper hand.}) 46... Nxg3 $17 {White must now prevent ...Ne2+.} 47. c5 Ne2+ (47... Rc7 $17 48. Rc4 Nf5) 48. Kf2 $11 Nc3 $1 49. Ra1 (49. R1b3 $1 $11 Nd5 50. Rb7) 49... Nd5 $15 50. Rc4 Ra7 51. c6 (51. Rb1 $1 $15) 51... f5 (51... Rb8 $17 52. Nb7 Kf8) 52. Rb1 $1 $11 a5 $2 {[%mdl 8192]} (52... Re7 $1 $11 {and Black stays safe.}) 53. Rb7 $18 Rda8 {[#]} 54. Nb5 $1 {[%cal Rb5a7]} ({Inferior is} 54. c7 Nxc7 55. Rcxc7 (55. Rbxc7 Rxc7 56. Rxc7 a4 $15) 55... Rxb7 $15) 54... Ra6 55. c7 Ne7 56. Nd6 $2 (56. Rb8+ $18 Kh7 57. Rd4) 56... a4 $11 57. c8=Q+ Nxc8 58. Nxc8 {Rcc7 is the strong threat.} a3 59. Rcc7 a2 $2 {[%mdl 8192]} (59... Kh8 $11) 60. Rxg7+ {White mates.} Kh8 61. Rh7+ Kg8 62. Rbg7+ Kf8 63. Ne7 {Precision: White = 50%, Black = 31%.} 1-0

[Event "27th CRO-chT 1B-Men 2018"]
[Site "Biograd"]
[Date "2018.09.23"]
[Round "7.5"]
[White "Pucovski, Miroslav"]
[Black "Trbojevic, Mladen"]
[Result "1-0"]
[WhiteElo "2241"]
[BlackElo "2353"]
[Annotator "TA"]
[PlyCount "61"]
[EventDate "2018.09.15"]
[EventType "team-tourn"]
[EventCountry "CRO"]
[SourceTitle "playchess.com"]
[Source "ChessBase"]
[SourceQuality "1"]

{[%evp 15,61,14,16,8,20,10,6,14,12,8,7,0,0,0,0,-40,-43,-70,-9,-21,-16,-25,-18,-99,-89,-82,-56,-138,-68,-76,-75,-77,-75,-77,-22,-19,-32,-61,-24,-16,126,126,913,891,1503,1481,1375,1342]} 1. e4 e5 2. Nf3 Nc6 3. Bc4 Nf6 4. d3 Be7 5. O-O O-O 6. Re1 d6 7. c3 Na5 8. Bb5 a6 9. Ba4 {C55: Two Knights: 4 d3, 4 d4 exd4 5 e5 and Max Lange Attack} c5 10. Nbd2 {[%cal Bb1d2,Bd2f1,Bf1g3][%mdl 32]} Be6 (10... b5 11. Bc2 Nc6 12. Nf1 Re8 13. Ng3 Bf8 14. d4 exd4 15. cxd4 Bg4 16. Be3 g6 17. a4 Rc8 18. axb5 axb5 19. Bb3 c4 20. Bc2 Nh5 21. Nxh5 Bxh5 {0-1 (51) Onischuk,V (2637)-Wang,H (2709) Riadh 2017}) 11. Nf1 {The position is equal.} Qc7 12. h3 Rad8 13. Ng3 b5 14. Bc2 Nc6 15. Nh2 d5 $36 {[%mdl 2048] Black has the initiative.} 16. Qf3 Qd7 $146 (16... d4 $15) ({Predecessor:} 16... d4 17. Ng4 Nxg4 18. hxg4 dxc3 19. bxc3 b4 20. Bb2 Bg5 21. cxb4 Nxb4 {0-1 (47) Shanava,K (2528)-Benidze,D (2473) Tbilisi 2015}) 17. Nf5 Bxf5 18. exf5 d4 {White should prevent ...e4!} 19. a4 (19. Nf1 $11 {keeps the balance.}) 19... dxc3 $17 20. bxc3 b4 21. Bb2 {[#]} ({White should try} 21. Ng4 $15) 21... bxc3 ({Better is} 21... b3 $1 $17 {[%cal Rb3c2][%mdl 512]} 22. Bd1 (22. Bxb3 $2 Rb8 $19) 22... e4 23. dxe4 Ne5) 22. Bxc3 $15 {[#]} Nd5 $1 {[%cal Rd5c3]} 23. Bb2 Ndb4 24. Bb3 Qxd3 ({Black should play} 24... Rb8 $17 25. Bc4 Nc2) 25. Re3 $11 {Black must now prevent Rd1.} Qd6 {aiming for ...Nd4.} 26. Ng4 {[%cal Rb2e5]} Nd4 (26... Bg5 {is interesting.} 27. Re4 Nd4 28. Bxd4 exd4 29. f6 Nc6) 27. Bxd4 exd4 {[#]} (27... cxd4 $11 28. Re4 Nc6) 28. Rxe7 $1 $16 {[%mdl 512]} Qxe7 $4 {[%mdl 8192]} (28... h5 $16) 29. f6 $18 {White is clearly winning.} gxf6 30. Nxf6+ Kg7 31. Qg4+ {Precision: White = 36%, Black = 42%.} 1-0

[Event "27th CRO-chT 1B-Men 2018"]
[Site "Biograd"]
[Date "2018.09.21"]
[Round "7.6"]
[White "Tomasic, Roland"]
[Black "Bubalovic, Davorin"]
[Result "0-1"]
[WhiteElo "2166"]
[BlackElo "2206"]
[Annotator "ChessBase"]
[PlyCount "92"]
[EventDate "2018.09.15"]
[EventType "team-tourn"]
[EventCountry "CRO"]
[SourceTitle "playchess.com"]
[Source "ChessBase"]
[SourceQuality "1"]
[TimeControl "40/5400+30:1800+30"]

1. e4 {[%emt 0:00:30]} c5 {[%emt 0:00:30]} 2. Nf3 {[%emt 0:00:30]} e6 {[%emt 0:00:00]} 3. d4 {[%emt 0:00:00]} cxd4 {[%emt 0:00:00]} 4. Nxd4 {[%emt 0:00:00]} a6 {[%emt 0:00:00]} 5. Bd3 {[%emt 0:00:00]} Bc5 {[%emt 0:00:00]} 6. Nb3 {[%emt 0:00:00]} Be7 {[%emt 0:00:30]} 7. Qg4 {[%emt 0:00:00]} g6 {[%emt 0:00:30]} 8. Qe2 {[%emt 0:00:00]} Qc7 {[%emt 0:00:30]} 9. O-O {[%emt 0:00:30]} Nc6 {[%emt 0:00:30]} 10. f4 {[%emt 0:00:30]} Nf6 {[%emt 0:01:30]} 11. a4 {[%emt 0:01:30]} d5 {[%emt 0:02:30]} 12. e5 {[%emt 0:00:30]} Nd7 {[%emt 0:01:30]} 13. Be3 {[%emt 0:00:30]} b6 {[%emt 0:04:30]} 14. N1d2 {[%emt 0:04:30]} Nc5 {[%emt 0:02:30]} 15. c3 {[%emt 0:02:30]} Bb7 {[%emt 0:05:30]} 16. Bc2 {[%emt 0:00:30]} a5 {[%emt 0:10:30]} 17. Nxc5 {[%emt 0:09:30]} bxc5 {[%emt 0:00:00]} 18. Bd3 {[%emt 0:01:30]} c4 {[%emt 0:03:00]} 19. Bc2 {[%emt 0:00:00]} Ba6 {[%emt 0:04:30]} 20. Nf3 {[%emt 0:01:00]} Rb8 {[%emt 0:04:30]} 21. Rab1 {[%emt 0:00:30]} Rb7 {[%emt 0:05:30]} 22. Qf2 {[%emt 0:10:30]} Nb8 {[%emt 0:03:30]} 23. h4 {[%emt 0:01:30]} Nd7 {[%emt 0:00:30]} 24. Rfd1 {[%emt 0:06:30]} Nc5 {[%emt 0:04:30]} 25. Bxc5 {[%emt 0:00:30]} Bxc5 {[%emt 0:00:30]} 26. Nd4 {[%emt 0:00:30]} O-O {[%emt 0:03:30]} 27. Kh1 {[%emt 0:08:30]} Rfb8 {[%emt 0:01:30]} 28. Qg3 {[%emt 0:00:00]} Bxd4 {[%emt 0:02:30]} 29. Rxd4 {[%emt 0:00:00]} Rxb2 {[%emt 0:00:30]} 30. Rc1 {[%emt 0:00:30]} Qe7 {[%emt 0:21:14]} 31. h5 {[%emt 0:01:30]} Bc8 {[%emt 0:01:15]} 32. hxg6 {[%emt 0:31:30]} fxg6 {[%emt 0:00:37]} 33. f5 {[%emt 0:00:31]} exf5 {[%emt 0:00:09]} 34. Rxd5 {[%emt 0:00:29]} Be6 {[%emt 0:00:31]} 35. Rxa5 {[%emt 0:00:30]} Rd8 {[%emt 0:00:22]} 36. Qf4 {[%emt 0:05:06]} Qb7 {[%emt 0:02:03]} 37. Qg5 {[%emt 0:02:20]} Re8 {[%emt 0:00:32]} 38. Qe3 {[%emt 0:12:03]} Bd5 {[%emt 0:03:40]} 39. Rb5 {[%emt 0:01:16]} Rxb5 {[%emt 0:00:00]} 40. axb5 {[%emt 0:00:33]} Qxb5 {[%emt 0:00:00]} 41. Bxf5 {[%emt 0:00:42]} Rxe5 {[%emt 0:10:37]} 42. Qg5 {[%emt 0:01:30]} Rxf5 {[%emt 0:00:30]} 43. Qd8+ {[%emt 0:00:30]} Rf8 {[%emt 0:00:30]} 44. Qd6 {[%emt 0:00:30]} Qc6 {[%emt 0:00:00]} 45. Qe5 {[%emt 0:00:30]} Bxg2+ {[%emt 0:01:00]} 46. Kg1 {[%emt 0:00:00]} Bh3 {[%emt 0:01:30]} 0-1

[Event "27th CRO-chT 1B-Men 2018"]
[Site "Biograd"]
[Date "2018.09.23"]
[Round "7.7"]
[White "Saric, Ante"]
[Black "Pap, Misa"]
[Result "1/2-1/2"]
[WhiteElo "2535"]
[BlackElo "2482"]
[Annotator "TA"]
[PlyCount "43"]
[EventDate "2018.09.15"]
[EventType "team-tourn"]
[EventCountry "CRO"]
[SourceTitle "playchess.com"]
[Source "ChessBase"]
[SourceQuality "1"]

{[%evp 16,43,38,12,12,12,23,0,-24,-39,10,-35,0,0,58,44,60,39,41,35,84,39,43,37,51,33,45,20,0,0]} 1. Nf3 c5 2. c4 g6 3. d4 Bg7 4. e4 Nc6 5. d5 Nd4 6. Nxd4 cxd4 7. Bd3 d6 8. O-O Nf6 9. Nd2 {LiveBook: 8 Games} Nd7 {A40: Unusual replies to 1 d4} (9... O-O 10. Rb1 a5 11. b3 Qb6 12. h3 e5 13. a3 Qc7 14. b4 b6 15. Qb3 Ba6 16. Rb2 Nd7 17. Nf3 {0-1 (60) Radovanovic,J (2325)-Conquest,S (2536) Liverpool 2008}) 10. f4 $146 ({Predecessor:} 10. Re1 O-O 11. Bf1 a5 12. Rb1 Nc5 13. Nb3 Nxb3 14. Qxb3 Qc7 15. Qd1 e5 16. b3 f5 17. Bd3 {1-0 (49) Scalcione,M (2255)-Weiland,G (1982) Salsomaggiore Terme 2006}) 10... O-O 11. Kh1 e5 12. f5 Bh6 13. g4 Nc5 14. Nb3 Qh4 (14... Bxc1 $11 15. Rxc1 Nxd3 16. Qxd3 b6) 15. Nxc5 {[#] Bxh6 is the strong threat.} dxc5 16. Rg1 {[%cal Bf1g1,Bg1g3,Bg3g8][%mdl 32]} Bxc1 17. Rxc1 a5 18. Qd2 Bd7 19. Rg3 gxf5 20. gxf5+ Kh8 21. Rcg1 {Hoping for Rg4.} Rg8 $1 22. Rxg8+ {Precision: White = 46%, Black = 44%.} 1/2-1/2

[Event "27th CRO-chT 1B-Men 2018"]
[Site "Biograd"]
[Date "2018.09.23"]
[Round "7.8"]
[White "Nikcevic, Nebojsa"]
[Black "Galyas, Miklos"]
[Result "1/2-1/2"]
[WhiteElo "2428"]
[BlackElo "2512"]
[Annotator "TA"]
[PlyCount "89"]
[EventDate "2018.09.15"]
[EventType "team-tourn"]
[EventCountry "CRO"]
[SourceTitle "playchess.com"]
[Source "ChessBase"]
[SourceQuality "1"]

{[%evp 14,89,37,18,35,33,29,35,28,23,28,26,39,26,39,9,15,6,19,10,19,6,24,0,23,13,6,8,20,19,25,6,20,0,0,0,0,-6,-22,-16,0,0,0,-30,-35,-40,-45,-35,-35,-35,-38,-51,-54,-38,-34,-34,-17,-17,-24,-23,0,0,0,0,0,0,0,0,0,0,0,0,0,0,0,0,0,0]} 1. d4 d5 2. c4 c6 3. e3 Nf6 4. Nf3 Bf5 5. Nc3 a6 6. Bd3 {D15: Slav Defence: 4 Nc3 a6 and gambit lines after 4 Nc3 dxc4} Bg6 (6... Bxd3 7. Qxd3 e6 8. O-O Bb4 9. Bd2 O-O 10. Nxd5 Nxd5 11. cxd5 Bxd2 12. Qxd2 exd5 13. Ne5 Re8 {½-½ (46) Vallejo Pons,F (2707)-So,W (2780) Leon 2018}) 7. O-O e6 8. Re1 {LiveBook: 3 Games. White is slightly better.} Nbd7 9. e4 dxe4 10. Nxe4 Nxe4 11. Bxe4 Bxe4 12. Rxe4 Be7 13. Bf4 $146 O-O 14. Qc2 Nf6 15. Re2 Qa5 16. a4 Rfe8 17. h3 Rac8 18. Bd2 Qc7 19. a5 c5 20. dxc5 Bxc5 21. b4 Be7 22. c5 Nd5 23. Ra3 Rcd8 24. Qc4 Bf6 25. Bg5 Bxg5 26. Nxg5 Nf6 27. Re1 Rd5 28. Rg3 Red8 29. Qc3 {[#] And now Nxe6! would win.} Rd1 {aiming for ...Nd5.} 30. Ne4 Rxe1+ 31. Qxe1 Nxe4 32. Qxe4 $15 {[%mdl 4096] Endgame KQR-KQR} Rd1+ 33. Kh2 g6 34. f4 Qd7 35. Rc3 Rd4 36. Qe5 Qd5 37. Qxd5 {The position is equal.} Rxd5 $11 {KR-KR} ({Much worse is} 37... exd5 {[#]} 38. b5 $1 $16 {[%mdl 512]}) 38. c6 bxc6 39. Rxc6 Rd4 40. Rxa6 Rxb4 41. Kg3 Rb3+ 42. Kf2 Ra3 43. h4 h5 44. Ra7 Kg7 45. a6 {Precision: White = 54%, Black = 61%.} 1/2-1/2

[Event "27th CRO-chT 1B-Men 2018"]
[Site "Biograd"]
[Date "2018.09.23"]
[Round "7.9"]
[White "Saric, Ibro"]
[Black "Matkovic, Tonci"]
[Result "1-0"]
[WhiteElo "2546"]
[BlackElo "2274"]
[Annotator "TA"]
[PlyCount "63"]
[EventDate "2018.09.15"]
[EventType "team-tourn"]
[EventCountry "CRO"]
[SourceTitle "playchess.com"]
[Source "ChessBase"]
[SourceQuality "1"]

{[%evp 14,62,85,24,87,25,31,27,26,18,29,19,30,7,50,41,82,40,41,49,40,22,32,16,14,16,12,0,4,0,0,0,0,-17,-8,-21,0,-6,0,0,0,0,4,0,0,0,349,348,347,329,29999]} 1. d4 Nf6 2. c4 e6 3. Nc3 d5 4. cxd5 exd5 5. Bg5 Be7 6. e3 a6 {D35: Queen's Gambit Declined: Exchange Variation} (6... c6 7. Qc2 Nbd7 8. Nf3 h6 9. Bf4 Nh5 10. O-O-O Nxf4 11. exf4 g5 12. Bd3 gxf4 13. Rhe1 Kf8 14. Bf5 Bb4 15. a3 Bxc3 16. Qxc3 Nb6 17. g4 Bxf5 {1-0 (29) Rapport,R (2692)-Hammer,J (2629) Palma de Mallorca 2017}) 7. Bd3 O-O 8. Nf3 {LiveBook: 44 Games} (8. Bxf6 $1 $16 Bxf6 9. Qh5) 8... b6 (8... h6 $11 9. Bh4 Be6) 9. Ne5 ({Better is} 9. Bxf6 $16 Bxf6 10. Qb1) 9... Bb7 $11 10. Qc2 $146 ({Predecessor:} 10. O-O Nbd7 11. Qc2 h6 12. Bh4 Rc8 13. Ne2 c5 14. dxc5 Nxe5 15. Bf5 Rxc5 16. Qb3 Nc4 17. Rfd1 g5 18. Bg3 Rb5 19. Qc2 Rxb2 20. Qd3 {1-0 (43) Schulz,P (1953)-Wrobel,L (2000) Remote email 2014}) 10... h6 11. Bxf6 Bxf6 12. f4 c5 13. Qf2 cxd4 14. exd4 Nd7 {[%cal Bb8d7,Bd7f8,Bf8e6,Be6c5,Bc5e4][%mdl 32]} 15. Bf5 Re8 16. O-O Nf8 17. Rac1 Ne6 18. Rc2 b5 19. Ne2 Rc8 20. Rxc8 Bxc8 21. Nc1 {[#]} Nc5 $1 {[%mdl 512]} 22. Bxc8 (22. dxc5 Bxf5) 22... Ne4 23. Qe2 {Bf5 is the strong threat.} Qxc8 24. Ncd3 Qb7 25. b4 Bxe5 26. fxe5 f6 27. Qh5 Qf7 28. Qg4 Qa7 29. exf6 Qxd4+ $2 {[%mdl 8192]} (29... Nxf6 $11 {and Black stays safe.} 30. Rxf6 h5) 30. Kh1 $18 {[%csl Gf6][%cal Rg4g7] [#]} Nf2+ 31. Nxf2 Qxf2 $2 (31... Qxf6 $18 32. Qd1 Qe5) 32. Qxg7# {Precision: White = 38%, Black = 53%.} 1-0